Countries and Capitals - Multiple Hangman Randomized - Statistics

General Stats
  • This quiz has been taken 86 times
    74 since last reset
  • The average score is 12 of 18
Answer Stats
Hint Answer % Correct
4 A
100%
5 A
100%
8 A
100%
11 A
100%
12 A
100%
14 A
100%
15 A
100%
15 A
100%
18 A
100%
20 A
100%
20 A
100%
21 A
100%
22 A
100%
24 A
100%
24 A
100%
24 A
100%
25 A
100%
25 A
100%
27 A
100%
28 A
100%
28 A
100%
30 A
100%
30 A
100%
31 A
100%
32 A
100%
33 A
100%
35 A
100%
37 A
100%
42 A
100%
42 A
100%
42 A
100%
43 A
100%
43 A
100%
45 A
100%
45 A
100%
46 A
100%
46 A
100%
46 A
100%
48 A
100%
48 A
100%
49 A
100%
52 A
100%
52 A
100%
53 A
100%
53 A
100%
55 A
100%
57 A
100%
57 A
100%
57 A
100%
58 A
100%
59 A
100%
60 A
100%
60 A
100%
61 A
100%
61 A
100%
62 A
100%
62 A
100%
63 A
100%
64 A
100%
67 A
100%
69 A
100%
69 A
100%
71 A
100%
73 A
100%
9 B
100%
18 B
100%
36 B
100%
50 B
100%
60 B
100%
9 D
100%
14 D
100%
37 D
100%
7 E
100%
7 E
100%
7 E
100%
8 E
100%
12 E
100%
21 E
100%
22 E
100%
27 E
100%
36 E
100%
38 E
100%
50 E
100%
50 E
100%
52 E
100%
63 E
100%
64 E
100%
71 E
100%
63 G
100%
8 H
100%
27 H
100%
37 H
100%
4 I
100%
9 I
100%
10 I
100%
12 I
100%
21 I
100%
25 I
100%
28 I
100%
30 I
100%
33 I
100%
35 I
100%
35 I
100%
36 I
100%
37 I
100%
50 I
100%
55 I
100%
55 I
100%
60 I
100%
63 I
100%
38 J
100%
38 K
100%
9 L
100%
14 L
100%
21 L
100%
30 L
100%
50 L
100%
67 L
100%
69 L
100%
30 M
100%
57 M
100%
8 N
100%
9 N
100%
14 N
100%
27 N
100%
30 N
100%
43 N
100%
45 N
100%
53 N
100%
63 N
100%
64 N
100%
11 O
100%
14 O
100%
38 O
100%
59 O
100%
59 O
100%
62 O
100%
14 P
100%
38 P
100%
4 R
100%
5 R
100%
7 R
100%
11 R
100%
15 R
100%
21 R
100%
22 R
100%
27 R
100%
31 R
100%
36 R
100%
37 R
100%
51 R
100%
57 R
100%
73 R
100%
8 S
100%
15 S
100%
21 S
100%
38 S
100%
57 S
100%
61 S
100%
8 T
100%
23 T
100%
27 T
100%
36 T
100%
71 T
100%
9 U
100%
33 U
100%
36 U
100%
43 U
100%
48 U
100%
63 U
100%
15 W
100%
15 W
100%
37 Y
100%
50 Z
100%
35 E
75%
58 O
75%
58 U
75%
10 B
67%
22 B
67%
64 I
67%
10 L
67%
64 Y
67%
31 B
50%
51 B
50%
7 C
50%
13 C
50%
48 D
50%
13 E
50%
23 E
50%
31 E
50%
51 E
50%
7 G
50%
71 G
50%
71 G
50%
52 H
50%
13 I
50%
31 I
50%
51 I
50%
69 I
50%
71 I
50%
23 K
50%
33 K
50%
61 K
50%
48 L
50%
61 L
50%
13 M
50%
58 M
50%
60 M
50%
69 M
50%
12 N
50%
12 N
50%
48 N
50%
49 N
50%
51 N
50%
67 N
50%
13 O
50%
23 R
50%
52 R
50%
52 R
50%
31 S
50%
33 T
50%
49 T
50%
58 T
50%
23 U
50%
51 U
50%
61 U
50%
67 U
50%
12 V
50%
33 W
50%
13 X
50%
23 Y
50%
60 Z
50%
62 B
33%
22 G
33%
62 K
33%
62 M
33%
64 M
33%
10 N
33%
10 O
33%
24 R
33%
10 S
33%
22 Z
33%
58 P
25%
35 T
25%
1 A
0%
14 A
0%
16 A
0%
19 A
0%
19 A
0%
19 A
0%
26 A
0%
26 A
0%
26 A
0%
29 A
0%
29 A
0%
29 A
0%
34 A
0%
34 A
0%
41 A
0%
44 A
0%
47 A
0%
47 A
0%
54 A
0%
54 A
0%
56 A
0%
65 A
0%
66 A
0%
66 A
0%
68 A
0%
72 A
0%
3 B
0%
32 B
0%
49 B
0%
65 B
0%
66 B
0%
67 B
0%
1 C
0%
6 C
0%
14 C
0%
19 C
0%
40 C
0%
44 C
0%
2 D
0%
4 D
0%
4 D
0%
17 D
0%
19 D
0%
41 D
0%
53 D
0%
54 D
0%
59 D
0%
59 D
0%
1 E
0%
3 E
0%
16 E
0%
17 E
0%
17 E
0%
56 E
0%
72 E
0%
1 F
0%
16 G
0%
32 G
0%
43 G
0%
47 G
0%
53 G
0%
55 G
0%
65 G
0%
66 G
0%
26 H
0%
49 H
0%
3 I
0%
5 I
0%
18 I
0%
34 I
0%
65 I
0%
66 I
0%
70 I
0%
41 J
0%
67 J
0%
73 J
0%
24 K
0%
39 K
0%
55 K
0%
2 L
0%
3 L
0%
18 L
0%
28 L
0%
47 L
0%
55 L
0%
68 L
0%
4 M
0%
6 M
0%
14 M
0%
29 M
0%
44 M
0%
46 M
0%
46 M
0%
59 M
0%
66 M
0%
70 M
0%
72 M
0%
73 M
0%
1 N
0%
2 N
0%
2 N
0%
3 N
0%
11 N
0%
14 N
0%
17 N
0%
19 N
0%
24 N
0%
25 N
0%
26 N
0%
29 N
0%
34 N
0%
41 N
0%
42 N
0%
46 N
0%
47 N
0%
54 N
0%
65 N
0%
70 N
0%
2 O
0%
2 O
0%
6 O
0%
6 O
0%
14 O
0%
14 O
0%
20 O
0%
32 O
0%
32 O
0%
39 O
0%
39 O
0%
39 O
0%
41 O
0%
47 O
0%
56 O
0%
70 O
0%
70 O
0%
73 O
0%
16 P
0%
29 P
0%
35 P
0%
40 P
0%
1 R
0%
3 R
0%
16 R
0%
18 R
0%
25 R
0%
40 R
0%
41 R
0%
54 R
0%
56 R
0%
70 R
0%
72 R
0%
5 S
0%
5 S
0%
6 S
0%
17 S
0%
39 S
0%
40 S
0%
42 S
0%
44 S
0%
45 S
0%
45 S
0%
56 S
0%
72 S
0%
20 T
0%
20 T
0%
25 T
0%
28 T
0%
32 T
0%
34 T
0%
42 T
0%
44 T
0%
68 T
0%
5 U
0%
16 U
0%
40 U
0%
44 U
0%
45 U
0%
49 U
0%
53 U
0%
56 U
0%
65 U
0%
68 U
0%
68 U
0%
72 U
0%
73 U
0%
26 V
0%
28 V
0%
39 V
0%
68 V
0%
6 W
0%
11 W
0%
17 W
0%
20 W
0%
34 W
0%
54 W
0%
69 W
0%
11 Y
0%
40 Y
0%
43 Y
0%
18 Z
0%
No matching quizzes found
Score Distribution
Percent of People with Each Score
Percentile by Number Answered
Your Score History
You have not taken this quiz since the last reset